000
00334nam a2200133Ia 4500
008
240624s9999 xx 000 0 und d
041
_a
eng
082
_a
332.4 ROG
100
_a
ROGOFF KENNETH S
245
_a
CURSE OF CASH
260
_c
2016
_a
New Jersey
_b
Princeton University Press
300
_a
x, 283 p.; 23 cm.
365
_c
_b
30
999
_c
29647
_d
29647